[Event "Olympiad-43"]
[Site "Batumi"]
[Date "2018.09.26"]
[Round "3.25"]
[White "Klaasen, Calvin Jong"]
[Black "Kostenko, Petr"]
[Result "1-0"]
[WhiteElo "2262"]
[BlackElo "2459"]
[PlyCount "189"]
[EventDate "2018.09.24"]
[EventType "team-swiss"]
[EventRounds "11"]
[EventCountry "GEO"]
[SourceTitle "CBM 187"]
[Source "ChessBase"]
[SourceDate "2018.12.11"]
[SourceVersion "1"]
[SourceVersionDate "2018.12.11"]
[SourceQuality "1"]
[WhiteTeam "South Africa"]
[BlackTeam "Kazakhstan"]
[WhiteTeamCountry "RSA"]
[BlackTeamCountry "KAZ"]

1. d4 e6 2. c4 Nf6 3. Nf3 d5 4. g3 Bb4+ 5. Bd2 Bd6 6. Bg2 0-0 7. 0-0 Nbd7 8. Qc2 c6 9. Bg5 h6 10. Bxf6 Qxf6 11. Nc3 Qe7 12. e4 dxc4 13. Nd2 e5 14. d5 Nb6 15. dxc6 bxc6 16. Nd1 Ba6 17. Re1 Rfd8 18. Ne3 Bb4 19. Red1 Qe6 20. Bf1 Rd4 21. Nf3 Rxd1 22. Rxd1 Bc5 23. Qc3 Bb5 24. Rc1 Na4 25. Qxe5 Qxe5 26. Nxe5 Bxe3 27. fxe3 Nxb2 28. Nxc4 Nxc4 29. Bxc4 Rb8 30. Bb3 a5 31. Kf2 a4 32. Bc2 Kf8 33. Ke1 Ke7 34. Kd2 Rd8+ 35. Kc3 Rd6 36. Rd1 Rxd1 37. Bxd1 c5 38. Kb2 Kd6 39. Ka3 Bc6 40. Bxa4 Bxe4 41. Bb3 f6 42. Kb2 Kc6 43. Kc3 Kb5 44. a4+ Kc6 45. Bc2 Bd5 46. Bd3 Kb6 47. Bc2 Be6 48. Bb3 Bh3 49. Bd5 Bd7 50. Bb3 Kc6 51. Bd1 g5 52. Be2 Kb6 53. Bd1 Bh3 54. Be2 Be6 55. Bb5 Ka5 56. Be8 Bd5 57. Bb5 Kb6 58. Be8 Kc7 59. a5 Kd6 60. Bb5 Ke5 61. Bd7 Bf3 62. Bc8 Kd6 63. Bf5 Kc6 64. Bd3 Bg4 65. Bf1 Be6 66. Bc4 Bc8 67. Be2 Kc7 68. Bb5 Be6 69. Bc4 Bd7 70. Be2 Be6 71. Bf3 Bf7 72. Ba8 Kb8 73. Bc6 Ka7 74. e4 Ka6 75. Bd5 Bg6 76. Kc4 Kxa5 77. Kxc5 f5 78. exf5 Bxf5 79. Bf7 Bg4 80. Kd4 Kb4 81. Ke5 h5 82. Kf6 h4 83. Kxg5 hxg3 84. hxg3 Bh3 85. Kf6 Bg4 86. Kg5 Bh3 87. Bg6 Kc5 88. Bf5 Bf1 89. Kf4 Be2 90. Be4 Kd6 91. Bf3 Bd3 92. g4 Ke6 93. Kg5 Kf7 94. Kh6 Bc4 95. Be4 1-0